La piscina /

Guardado en:
Autor Principal: Lee, Ji Hyeon
Formato: Libro
Publicado: Buenos Aires : Calibroscopio, 2015
Materias:
Etiquetas: Agregar Etiqueta
Sin Etiquetas, Sea el primero en etiquetar este registro!
LEADER 00651nam a22002295a 4500
001 CEM.cems015246
005 20191025173155.0
008 130507s2015##################000#0#####d
003 CEMS
020 |a 9789871801985 
082 0 4 |a 895.7 
100 1 |a Lee, Ji Hyeon 
245 1 0 |a La piscina /  |c Ji Hyeon Lee 
260 |a Buenos Aires :  |b Calibroscopio,  |c 2015 
300 |a 56 p. 
653 |a Literatura 
653 |a Literatura coreana 
653 |a Literatura infantil 
653 |a Cuentos infantiles 
653 |a Colección ciencias de la educación 
653 |a Libro albúm 
859 |a CEMS  |b BIB. CEMS - Ccias. Educacion  |h 895.7  |i L510  |k CE  |p 28453.19  |t Ej.1